000 00439nam a22001697a 4500
005 20180206123751.0
008 160523b xxu||||| |||| 00| 0 eng d
020 _a978-0-07-106736-2
041 _aeng
082 _b4454
_a005.36
100 _aCronan, John
_91093
245 _aMacrosoft Office Excel 2010 quicksteps
260 _aNew Delhi
_bAcademic Faundation
300 _a272
650 _aInformation Technology
_9137
942 _cBK
999 _c1485
_d1485